[Event "European Chess Club Cup 2023"]
[Site "Durres, Albania"]
[Date "2023.10.02"]
[Round "2.16"]
[White "Colbow, Collin"]
[Black "Anton Guijarro, David"]
[Result "0-1"]
[TimeControl "90' + 30' & 30\""]
[WhiteElo "2404"]
[BlackElo "2653"]

1. e4 {[%clk 01:30:57]} {[%emt 00:00:02]} c6 {[%clk 01:30:44]} {[%emt
00:00:16]} 2. d4 {[%clk 01:31:05]} {[%emt 00:00:22]} d5 {[%clk 01:31:03]}
{[%emt 00:00:12]} 3. exd5 {[%clk 01:31:23]} {[%emt 00:00:11]} cxd5 {[%clk
01:31:25]} {[%emt 00:00:08]} 4. c4 {[%clk 01:31:48]} {[%emt 00:00:06]} Nf6
{[%clk 01:31:12]} {[%emt 00:00:43]} 5. Nc3 {[%clk 01:31:49]} {[%emt 00:00:29]}
e6 {[%clk 01:25:41]} {[%emt 00:06:01]} 6. Nf3 {[%clk 01:31:23]} {[%emt
00:00:56]} Be7 {[%clk 01:26:02]} {[%emt 00:00:08]} 7. cxd5 {[%clk 01:28:03]}
{[%emt 00:03:51]} Nxd5 {[%clk 01:26:22]} {[%emt 00:00:09]} 8. Bd3 {[%clk
01:28:16]} {[%emt 00:00:18]} O-O {[%clk 01:26:02]} {[%emt 00:00:50]} 9. O-O
{[%clk 01:28:25]} {[%emt 00:00:20]} Nc6 {[%clk 01:24:51]} {[%emt 00:01:41]} 10.
Re1 {[%clk 01:23:26]} {[%emt 00:05:30]} Bf6 {[%clk 01:20:15]} {[%emt 00:05:06]}
11. Be4 {[%clk 01:20:20]} {[%emt 00:03:36]} Nce7 {[%clk 01:18:12]} {[%emt
00:02:32]} 12. Ne5 {[%clk 01:17:35]} {[%emt 00:03:15]} Ng6 {[%clk 01:10:11]}
{[%emt 00:08:31]} 13. Qf3 {[%clk 01:06:14]} {[%emt 00:11:55]} Nde7 {[%clk
00:56:53]} {[%emt 00:13:44]} 14. Rd1 {[%clk 00:54:49]} {[%emt 00:11:55]} Nf5
{[%clk 00:50:13]} {[%emt 00:07:09]} 15. Ng4 {[%clk 00:48:52]} {[%emt 00:06:28]}
Be7 {[%clk 00:43:24]} {[%emt 00:07:19]} 16. Bxb7 {[%clk 00:34:20]} {[%emt
00:15:03]} Nfh4 {[%clk 00:38:36]} {[%emt 00:05:17]} 17. Qc6 {[%clk 00:33:11]}
{[%emt 00:01:39]} Bxb7 {[%clk 00:33:49]} {[%emt 00:05:18]} 18. Qxb7 {[%clk
00:33:35]} {[%emt 00:00:05]} Rb8 {[%clk 00:34:12]} {[%emt 00:00:07]} 19. Qxa7
{[%clk 00:28:51]} {[%emt 00:05:14]} Bb4 {[%clk 00:29:03]} {[%emt 00:05:40]} 20.
Qa6 {[%clk 00:19:56]} {[%emt 00:09:25]} Nxg2 {[%clk 00:26:20]} {[%emt
00:03:13]} 21. Kxg2 {[%clk 00:18:00]} {[%emt 00:02:25]} Bxc3 {[%clk 00:26:28]}
{[%emt 00:00:22]} 22. bxc3 {[%clk 00:15:55]} {[%emt 00:02:35]} Qd5+ {[%clk
00:26:37]} {[%emt 00:00:21]} 23. Kf1 {[%clk 00:08:02]} {[%emt 00:08:23]} Qf3
{[%clk 00:22:16]} {[%emt 00:04:51]} 24. Nh6+ {[%clk 00:04:43]} {[%emt
00:03:49]} gxh6 {[%clk 00:22:33]} {[%emt 00:00:13]} 25. Qd3 {[%clk 00:05:01]}
{[%emt 00:00:12]} Qh5 {[%clk 00:19:27]} {[%emt 00:03:36]} 26. Kg1 {[%clk
00:04:17]} {[%emt 00:01:15]} Rb5 {[%clk 00:18:38]} {[%emt 00:01:18]} 27. Kh1
{[%emt 00:02:23]} Rf5 {[%clk 00:17:58]} 28. f4 {[%clk 00:03:45]} {[%emt
00:00:19]} Kh8 {[%clk 00:14:22]} {[%emt 00:04:06]} 29. Rg1 {[%clk 00:03:46]}
{[%emt 00:00:29]} Rxf4 {[%clk 00:10:22]} {[%emt 00:04:30]} 30. Bxf4 {[%clk
00:02:52]} {[%emt 00:01:24]} Qd5+ {[%clk 00:10:23]} {[%emt 00:00:29]} 31. Rg2
{[%clk 00:03:20]} {[%emt 00:00:02]} Qxg2+ {[%clk 00:10:40]} {[%emt 00:00:13]}
32. Kxg2 {[%clk 00:03:44]} {[%emt 00:00:06]} Nxf4+ {[%clk 00:11:06]} {[%emt
00:00:04]} 33. Kf3 {[%clk 00:03:29]} {[%emt 00:00:45]} Nxd3 {[%clk 00:11:31]}
{[%emt 00:00:05]} 34. Rb1 {[%clk 00:03:07]} {[%emt 00:00:53]} Rc8 {[%clk
00:10:32]} {[%emt 00:01:28]} 35. Rb3 {[%clk 00:03:31]} {[%emt 00:00:06]} Nc1
{[%clk 00:09:02]} {[%emt 00:02:00]} 36. Ra3 {[%clk 00:03:57]} {[%emt 00:00:05]}
Kg7 {[%clk 00:06:44]} {[%emt 00:02:47]} 37. Ke3 {[%clk 00:03:59]} {[%emt
00:00:28]} Nxa2 {[%clk 00:06:56]} {[%emt 00:00:18]} 38. Rxa2 {[%clk 00:04:19]}
{[%emt 00:00:10]} Rxc3+ {[%clk 00:07:22]} {[%emt 00:00:04]} 39. Kf4 {[%clk
00:02:30]} {[%emt 00:02:20]} Rh3 {[%clk 00:06:15]} {[%emt 00:01:36]} 40. Ke5
{[%clk 00:01:09]} {[%emt 00:01:51]} Rh5+ {[%clk 00:06:35]} {[%emt 00:00:11]} 41.
Ke4 {[%clk 00:29:20]} {[%emt 00:02:19]} Kf6 {[%clk 00:36:27]} {[%emt 00:00:38]}
42. Rf2+ {[%clk 00:25:25]} {[%emt 00:04:25]} Ke7 {[%clk 00:36:47]} {[%emt
00:00:09]} 43. Ra2 {[%clk 00:18:52]} {[%emt 00:07:03]} Rh4+ {[%clk 00:36:58]}
{[%emt 00:00:20]} 44. Ke3 {[%clk 00:19:05]} {[%emt 00:00:16]} Rh3+ {[%clk
00:32:52]} {[%emt 00:04:36]} 45. Kf4 {[%clk 00:17:41]} {[%emt 00:01:54]} Rh4+
{[%clk 00:22:55]} {[%emt 00:10:28]} 46. Ke3 {[%clk 00:18:00]} {[%emt 00:00:11]}
h5 {[%clk 00:22:25]} {[%emt 00:00:59]} 47. Rb2 {[%clk 00:15:03]} {[%emt
00:03:27]} h6 {[%clk 00:20:12]} {[%emt 00:02:44]} 48. Rb7+ {[%clk 00:11:58]}
{[%emt 00:03:35]} Kf6 {[%clk 00:20:23]} {[%emt 00:00:18]} 49. Rb2 {[%clk
00:12:25]} {[%emt 00:00:03]} Rh3+ {[%clk 00:14:53]} {[%emt 00:06:00]} 50. Kf4
{[%clk 00:10:26]} {[%emt 00:02:29]} Rd3 {[%clk 00:12:25]} {[%emt 00:02:58]} 51.
Ke4 {[%clk 00:10:08]} {[%emt 00:00:49]} Rd1 {[%clk 00:12:42]} {[%emt 00:00:12]}
52. Ra2 {[%clk 00:08:45]} {[%emt 00:01:54]} Re1+ {[%clk 00:12:17]} {[%emt
00:00:54]} 53. Kf4 {[%clk 00:08:49]} {[%emt 00:00:27]} Rg1 {[%clk 00:10:45]}
{[%emt 00:02:02]} 54. Rb2 {[%clk 00:08:22]} {[%emt 00:00:57]} Kg6 {[%clk
00:09:43]} {[%emt 00:01:31]} 55. Rd2 {[%clk 00:08:21]} {[%emt 00:00:30]} Rg5
{[%clk 00:08:59]} {[%emt 00:01:14]} 56. Ke4 {[%clk 00:08:00]} {[%emt 00:00:52]}
h4 {[%clk 00:08:30]} {[%emt 00:00:59]} 57. Rf2 {[%clk 00:06:05]} {[%emt
00:02:25]} Rg1 {[%clk 00:05:25]} {[%emt 00:03:34]} 58. Rd2 {[%clk 00:05:21]}
{[%emt 00:01:15]} Kg5 {[%clk 00:03:08]} {[%emt 00:02:48]} 59. Kf3 {[%clk
00:02:01]} {[%emt 00:03:50]} Rf1+ {[%clk 00:03:04]} {[%emt 00:00:33]} 60. Kg2
{[%clk 00:02:26]} {[%emt 00:00:05]} Rf5 {[%clk 00:03:18]} {[%emt 00:00:15]} 61.
Kh3 {[%clk 00:01:09]} {[%emt 00:01:48]} Kh5 {[%clk 00:02:03]} {[%emt 00:01:46]}
62. Re2 {[%clk 00:00:52]} {[%emt 00:00:47]} Rf3+ {[%clk 00:01:51]} {[%emt
00:00:42]} 63. Kg2 {[%clk 00:01:21]} {[%emt 00:00:01]} Kg4 {[%clk 00:01:00]}
{[%emt 00:01:21]} 64. Rd2 {[%clk 00:00:35]} {[%emt 00:01:16]} h3+ {[%clk
00:01:12]} {[%emt 00:00:17]} 65. Kg1 {[%clk 00:01:01]} {[%emt 00:00:04]} Kf4
{[%clk 00:00:38]} {[%emt 00:01:04]} 66. Re2 {[%clk 00:00:36]} {[%emt 00:00:55]}
Rd3 {[%clk 00:00:41]} {[%emt 00:00:26]} 67. Rf2+ {[%clk 00:00:33]} {[%emt
00:00:34]} Ke3 {[%clk 00:00:58]} {[%emt 00:00:13]} 68. Rf1 {[%clk 00:00:33]}
{[%emt 00:00:30]} Rxd4 {[%clk 00:00:59]} {[%emt 00:00:30]} 69. Re1+ {[%clk
00:00:56]} {[%emt 00:00:07]} Kf3 {[%clk 00:00:45]} {[%emt 00:00:43]} 70. Rf1+
{[%clk 00:01:21]} {[%emt 00:00:05]} Ke2 {[%clk 00:00:54]} {[%emt 00:00:21]} 71.
Kh1 {[%clk 00:00:39]} {[%emt 00:01:12]} Rd1 {[%clk 00:00:57]} {[%emt 00:00:27]}
72. Kg1 {[%clk 00:00:44]} {[%emt 00:00:25]} Rxf1+ {[%clk 00:01:20]} {[%emt
00:00:07]} 0-1

[Event "European Chess Club Cup 2023"]
[Site "Durres, Albania"]
[Date "2023.10.02"]
[Round "2.17"]
[White "Ragger, Markus"]
[Black "Reuker, Jari"]
[Result "1/2-1/2"]
[TimeControl "90' + 30' & 30\""]
[WhiteElo "2615"]
[BlackElo "2403"]

1. d4 {[%clk 01:30:59]} Nf6 {[%clk 01:30:52]} {[%emt 00:00:08]} 2. c4 {[%clk
01:31:25]} {[%emt 00:00:04]} e6 {[%clk 01:31:14]} {[%emt 00:00:08]} 3. Nf3
{[%clk 01:31:51]} {[%emt 00:00:04]} d5 {[%clk 01:31:37]} {[%emt 00:00:07]} 4.
g3 {[%clk 01:32:12]} {[%emt 00:00:09]} Bb4+ {[%clk 01:31:51]} {[%emt 00:00:16]}
5. Bd2 {[%clk 01:32:37]} {[%emt 00:00:05]} Be7 {[%clk 01:32:06]} {[%emt
00:00:15]} 6. Bg2 {[%clk 01:32:59]} {[%emt 00:00:07]} O-O {[%clk 01:32:24]}
{[%emt 00:00:12]} 7. O-O {[%clk 01:33:23]} {[%emt 00:00:06]} c6 {[%clk
01:32:50]} {[%emt 00:00:05]} 8. Qc2 {[%clk 01:33:45]} {[%emt 00:00:09]} b6
{[%clk 01:33:09]} {[%emt 00:00:11]} 9. Bf4 {[%clk 01:33:32]} {[%emt 00:00:43]}
dxc4 {[%clk 01:31:47]} {[%emt 00:01:51]} 10. Qxc4 {[%clk 01:30:27]} {[%emt
00:03:35]} Nd5 {[%clk 01:30:43]} {[%emt 00:01:33]} 11. Bxb8 {[%clk 01:16:51]}
{[%emt 00:14:07]} Rxb8 {[%clk 01:31:06]} {[%emt 00:00:08]} 12. Ne5 {[%clk
01:16:40]} {[%emt 00:00:40]} b5 {[%clk 00:56:00]} {[%emt 00:35:37]} 13. Qc1
{[%clk 01:09:55]} {[%emt 00:07:14]} Bb7 {[%clk 00:54:37]} {[%emt 00:01:53]} 14.
Nxc6 {[%clk 01:07:47]} {[%emt 00:02:38]} Bxc6 {[%clk 00:54:52]} {[%emt
00:00:16]} 15. Qxc6 {[%clk 01:08:14]} {[%emt 00:00:02]} Qa5 {[%clk 00:47:44]}
{[%emt 00:07:38]} 16. Nc3 {[%clk 00:50:28]} {[%emt 00:18:17]} Nxc3 {[%clk
00:40:03]} {[%emt 00:08:11]} 17. Qxc3 {[%clk 00:50:47]} {[%emt 00:00:11]} Qxc3
{[%clk 00:40:11]} {[%emt 00:00:21]} 18. bxc3 {[%clk 00:51:15]} {[%emt
00:00:02]} Rfc8 {[%clk 00:38:31]} {[%emt 00:02:10]} 19. a4 {[%clk 00:50:33]}
{[%emt 00:01:12]} b4 {[%clk 00:28:58]} {[%emt 00:10:03]} 20. cxb4 {[%clk
00:47:49]} {[%emt 00:03:15]} Rxb4 {[%clk 00:28:51]} {[%emt 00:00:37]} 21. e3
{[%clk 00:46:08]} {[%emt 00:02:11]} a5 {[%clk 00:24:11]} {[%emt 00:05:09]} 22.
Rfd1 {[%clk 00:39:49]} {[%emt 00:06:47]} g6 {[%clk 00:22:10]} {[%emt 00:02:33]}
23. Bf1 {[%clk 00:37:13]} {[%emt 00:03:06]} Rc2 {[%clk 00:13:44]} {[%emt
00:08:56]} 24. Bd3 {[%clk 00:36:53]} {[%emt 00:00:50]} Rc3 {[%clk 00:14:11]}
{[%emt 00:00:04]} 25. Ra2 {[%clk 00:18:46]} {[%emt 00:18:37]} Kf8 {[%clk
00:12:50]} {[%emt 00:01:51]} 26. Bb5 {[%clk 00:18:55]} {[%emt 00:00:21]} Bd6
{[%clk 00:11:31]} {[%emt 00:01:48]} 27. Kf1 {[%clk 00:14:12]} {[%emt 00:05:13]}
Ke7 {[%clk 00:11:24]} {[%emt 00:00:38]} 28. Ke2 {[%clk 00:14:29]} {[%emt
00:00:13]} Rbb3 {[%clk 00:09:27]} {[%emt 00:02:27]} 29. Rdd2 {[%clk 00:07:43]}
{[%emt 00:07:15]} Bb4 {[%clk 00:07:38]} {[%emt 00:02:19]} 30. Rdc2 {[%clk
00:06:42]} {[%emt 00:01:31]} Ra3 {[%clk 00:05:48]} {[%emt 00:02:21]} 31. Kf3
{[%clk 00:06:34]} {[%emt 00:00:37]} h5 {[%clk 00:05:36]} {[%emt 00:00:42]} 32.
h3 {[%clk 00:04:48]} {[%emt 00:02:17]} Kf6 {[%clk 00:04:53]} {[%emt 00:01:13]}
33. g4 {[%clk 00:05:06]} {[%emt 00:00:11]} h4 {[%clk 00:03:08]} {[%emt
00:02:15]} 34. Rxc3 {[%clk 00:01:41]} {[%emt 00:03:55]} Rxa2 {[%clk 00:02:51]}
{[%emt 00:00:47]} 35. Rc1 {[%clk 00:01:49]} {[%emt 00:00:22]} Bd2 {[%clk
00:02:41]} {[%emt 00:00:40]} 36. Rf1 {[%clk 00:01:54]} {[%emt 00:00:25]} Rc2
{[%clk 00:02:50]} {[%emt 00:00:21]} 37. Ke4 {[%clk 00:02:14]} {[%emt 00:00:10]}
Rc1 {[%clk 00:02:08]} {[%emt 00:01:13]} 38. Rxc1 {[%clk 00:01:21]} {[%emt
00:01:23]} Bxc1 {[%clk 00:02:36]} {[%emt 00:00:01]} 39. Kd3 {[%clk 00:01:38]}
{[%emt 00:00:13]} g5 {[%clk 00:02:05]} {[%emt 00:01:01]} 40. Ke4 {[%clk
00:02:02]} {[%emt 00:00:06]} Ba3 {[%clk 00:00:37]} {[%emt 00:01:59]} 41. f4
{[%clk 00:30:02]} {[%emt 00:02:29]} Bc1 {[%clk 00:23:12]} {[%emt 00:07:55]} 42.
Bc4 {[%clk 00:19:39]} {[%emt 00:10:54]} Bd2 {[%clk 00:21:39]} {[%emt 00:02:03]}
43. f5 {[%clk 00:13:49]} {[%emt 00:06:20]} Bc1 {[%clk 00:20:36]} {[%emt
00:01:33]} 44. Bb3 {[%clk 00:12:52]} {[%emt 00:01:23]} Bb2 {[%clk 00:13:53]}
{[%emt 00:07:16]} 45. Bc4 {[%clk 00:13:15]} {[%emt 00:00:08]} Bc1 {[%clk
00:14:11]} {[%emt 00:00:12]} 46. Ba6 {[%clk 00:12:47]} {[%emt 00:00:57]} Bb2
{[%clk 00:12:08]} {[%emt 00:02:34]} 47. Bc8 {[%clk 00:10:56]} {[%emt 00:02:21]}
Bc1 {[%clk 00:12:01]} {[%emt 00:00:37]} 48. Kd3 {[%clk 00:10:50]} {[%emt
00:00:36]} e5 {[%clk 00:09:28]} {[%emt 00:03:03]} 49. e4 {[%clk 00:10:35]}
{[%emt 00:00:45]} exd4 {[%clk 00:07:00]} {[%emt 00:02:57]} 50. Kxd4 {[%clk
00:11:01]} {[%emt 00:00:04]} Ke7 {[%clk 00:06:57]} {[%emt 00:00:34]} 51. e5
{[%clk 00:11:24]} {[%emt 00:00:07]} f6 {[%clk 00:07:17]} {[%emt 00:00:10]} 52.
e6 {[%clk 00:11:49]} {[%emt 00:00:05]} Bd2 {[%clk 00:07:37]} {[%emt 00:00:10]}
53. Kd5 {[%clk 00:12:14]} {[%emt 00:00:04]} Bb4 {[%clk 00:08:01]} {[%emt
00:00:06]} 54. Ba6 {[%clk 00:12:40]} {[%emt 00:00:05]} Be1 {[%clk 00:08:23]}
{[%emt 00:00:08]} 55. Be2 {[%clk 00:12:59]} {[%emt 00:00:11]} 1/2-1/2

[Event "European Chess Club Cup 2023"]
[Site "Durres, Albania"]
[Date "2023.10.02"]
[Round "2.18"]
[White "Charmeteau, Sven"]
[Black "Zilka, Stepan"]
[Result "1/2-1/2"]
[TimeControl "90' + 30' & 30\""]
[WhiteElo "2288"]
[BlackElo "2599"]

1. e4 {[%clk 01:30:58]} {[%emt 00:00:01]} e5 {[%clk 01:30:50]} {[%emt
00:00:09]} 2. Nf3 {[%clk 01:31:18]} {[%emt 00:00:11]} Nc6 {[%clk 01:31:13]}
{[%emt 00:00:07]} 3. Bb5 {[%clk 01:31:41]} {[%emt 00:00:07]} a6 {[%clk
01:26:41]} {[%emt 00:05:02]} 4. Ba4 {[%clk 01:31:49]} {[%emt 00:00:22]} Nf6
{[%clk 01:27:01]} {[%emt 00:00:10]} 5. O-O {[%clk 01:31:58]} {[%emt 00:00:22]}
Be7 {[%clk 01:27:16]} {[%emt 00:00:14]} 6. Re1 {[%clk 01:32:15]} {[%emt
00:00:13]} b5 {[%clk 01:27:33]} {[%emt 00:00:13]} 7. Bb3 {[%clk 01:32:39]}
{[%emt 00:00:06]} O-O {[%clk 01:27:55]} {[%emt 00:00:08]} 8. a4 {[%clk
01:32:35]} {[%emt 00:00:34]} b4 {[%clk 01:27:38]} {[%emt 00:00:47]} 9. d3
{[%clk 01:31:34]} {[%emt 00:01:30]} d6 {[%clk 01:27:14]} {[%emt 00:00:55]} 10.
Nbd2 {[%clk 01:25:02]} {[%emt 00:07:02]} Na5 {[%clk 01:26:03]} {[%emt
00:01:40]} 11. Ba2 {[%clk 01:24:54]} {[%emt 00:00:38]} Be6 {[%clk 01:22:31]}
{[%emt 00:04:02]} 12. c3 {[%clk 01:15:21]} {[%emt 00:10:03]} Rb8 {[%clk
01:17:15]} {[%emt 00:05:46]} 13. d4 {[%clk 01:04:36]} {[%emt 00:11:16]} Bxa2
{[%clk 01:16:59]} {[%emt 00:00:46]} 14. Rxa2 {[%clk 01:04:57]} {[%emt
00:00:10]} d5 {[%clk 01:08:31]} {[%emt 00:08:58]} 15. dxe5 {[%clk 00:50:51]}
{[%emt 00:14:36]} Nxe4 {[%clk 01:07:55]} {[%emt 00:01:05]} 16. Qe2 {[%clk
00:41:01]} {[%emt 00:10:20]} bxc3 {[%clk 00:43:20]} {[%emt 00:25:06]} 17. Nxe4
{[%clk 00:41:10]} {[%emt 00:00:20]} dxe4 {[%clk 00:43:39]} {[%emt 00:00:11]} 18.
Qxe4 {[%clk 00:41:10]} {[%emt 00:00:30]} Rb4 {[%clk 00:44:04]} {[%emt
00:00:04]} 19. Qe2 {[%clk 00:40:02]} {[%emt 00:01:39]} c2 {[%clk 00:36:46]}
{[%emt 00:07:48]} 20. Qxc2 {[%clk 00:36:09]} {[%emt 00:04:23]} Rc4 {[%clk
00:36:37]} {[%emt 00:00:39]} 21. Qe2 {[%clk 00:34:33]} {[%emt 00:02:06]} Qd5
{[%clk 00:37:02]} {[%emt 00:00:05]} 22. Bg5 {[%clk 00:27:46]} {[%emt 00:07:17]}
Bxg5 {[%clk 00:31:52]} {[%emt 00:05:40]} 23. Nxg5 {[%clk 00:28:14]} {[%emt
00:00:02]} h6 {[%clk 00:32:04]} {[%emt 00:00:17]} 24. Nf3 {[%clk 00:18:53]}
{[%emt 00:09:52]} Nb3 {[%clk 00:29:35]} {[%emt 00:02:59]} 25. Ra3 {[%clk
00:18:39]} {[%emt 00:00:45]} Rb8 {[%clk 00:27:54]} {[%emt 00:02:10]} 26. h3
{[%clk 00:18:13]} {[%emt 00:00:57]} c5 {[%clk 00:24:41]} {[%emt 00:03:42]} 27.
e6 {[%clk 00:03:54]} {[%emt 00:14:50]} fxe6 {[%clk 00:22:02]} {[%emt 00:03:08]}
28. Ne5 {[%clk 00:03:19]} {[%emt 00:01:05]} Rc1 {[%clk 00:20:49]} {[%emt
00:01:43]} 29. Rxc1 {[%clk 00:03:07]} {[%emt 00:00:42]} Nxc1 {[%clk 00:21:11]}
{[%emt 00:00:08]} 30. Qh5 {[%clk 00:03:10]} {[%emt 00:00:28]} Rf8 {[%clk
00:14:30]} {[%emt 00:07:10]} 31. Kh2 {[%clk 00:00:33]} {[%emt 00:03:08]} Nb3
{[%clk 00:11:47]} {[%emt 00:03:12]} 32. Qe2 {[%clk 00:00:32]} {[%emt 00:00:31]}
Nd4 {[%clk 00:03:12]} {[%emt 00:09:06]} 33. Qh5 {[%clk 00:01:01]} {[%emt
00:00:01]} Nc6 {[%clk 00:02:45]} {[%emt 00:00:56]} 34. Re3 {[%clk 00:01:07]}
{[%emt 00:00:24]} Qd6 {[%clk 00:03:04]} {[%emt 00:00:12]} 35. f4 {[%clk
00:00:57]} {[%emt 00:00:40]} Qd4 {[%clk 00:02:39]} {[%emt 00:00:54]} 36. Rg3
{[%clk 00:00:31]} {[%emt 00:00:57]} Nxe5 {[%clk 00:02:47]} {[%emt 00:00:21]} 37.
fxe5 {[%clk 00:00:50]} {[%emt 00:00:11]} Qf4 {[%clk 00:02:25]} {[%emt
00:00:52]} 38. b3 {[%clk 00:00:46]} {[%emt 00:00:35]} a5 {[%clk 00:02:14]}
{[%emt 00:00:41]} 39. h4 {[%clk 00:00:44]} {[%emt 00:00:31]} Kh8 {[%clk
00:02:20]} {[%emt 00:00:24]} 40. Kh3 {[%clk 00:00:53]} {[%emt 00:00:22]} Qf5+
{[%clk 00:01:27]} {[%emt 00:01:23]} 41. Qxf5 {[%clk 00:01:15]} {[%emt
00:00:07]} Rxf5 {[%clk 00:01:53]} {[%emt 00:00:05]} 42. Rd3 {[%clk 00:29:46]}
{[%emt 00:01:58]} Rxe5 {[%clk 00:32:11]} {[%emt 00:00:13]} 43. Rd8+ {[%clk
00:29:56]} {[%emt 00:00:20]} Kh7 {[%clk 00:32:38]} {[%emt 00:00:03]} 44. Rb8
{[%clk 00:28:49]} {[%emt 00:01:35]} Re3+ {[%clk 00:31:21]} {[%emt 00:01:46]} 45.
g3 {[%clk 00:28:13]} {[%emt 00:01:09]} c4 {[%clk 00:27:58]} {[%emt 00:03:53]}
46. bxc4 {[%clk 00:28:19]} {[%emt 00:00:24]} Ra3 {[%clk 00:28:16]} {[%emt
00:00:10]} 47. Rb6 {[%clk 00:09:16]} {[%emt 00:19:34]} Rxa4 {[%clk 00:28:32]}
{[%emt 00:00:14]} 48. Rxe6 {[%clk 00:09:38]} {[%emt 00:00:08]} Rxc4 {[%clk
00:28:59]} {[%emt 00:00:03]} 49. Ra6 {[%clk 00:09:51]} {[%emt 00:00:17]} Rc5
{[%clk 00:25:44]} {[%emt 00:03:45]} 50. g4 {[%clk 00:06:21]} {[%emt 00:04:01]}
h5 {[%clk 00:24:42]} {[%emt 00:01:32]} 51. gxh5 {[%clk 00:05:15]} {[%emt
00:01:35]} Rxh5 {[%clk 00:25:04]} {[%emt 00:00:08]} 52. Kg4 {[%clk 00:05:29]}
{[%emt 00:00:16]} Rb5 {[%clk 00:25:19]} {[%emt 00:00:15]} 53. Kf4 {[%clk
00:05:01]} {[%emt 00:00:58]} g6 {[%clk 00:25:13]} {[%emt 00:00:36]} 54. Ra8
{[%clk 00:04:58]} {[%emt 00:00:33]} Kh6 {[%clk 00:24:50]} {[%emt 00:00:52]} 55.
Rh8+ {[%clk 00:05:03]} {[%emt 00:00:26]} Kg7 {[%clk 00:25:11]} {[%emt
00:00:09]} 56. Ra8 {[%clk 00:05:30]} {[%emt 00:00:03]} Rc5 {[%clk 00:24:53]}
{[%emt 00:00:48]} 57. Kg4 {[%clk 00:05:41]} {[%emt 00:00:20]} Kf6 {[%clk
00:24:18]} {[%emt 00:01:05]} 1/2-1/2

[Event "European Chess Club Cup 2023"]
[Site "Durres, Albania"]
[Date "2023.10.02"]
[Round "2.19"]
[White "Alonso Rosell, Alvar"]
[Black "Martirosyan, Haik M."]
[Result "0-1"]
[TimeControl "90' + 30' & 30\""]
[WhiteElo "2574"]
[BlackElo "2696"]

1. d4 {[%clk 01:30:57]} {[%emt 00:00:02]} Nf6 {[%clk 01:30:47]} {[%emt
00:00:12]} 2. Nf3 {[%clk 01:31:22]} {[%emt 00:00:05]} d5 {[%clk 01:30:55]}
{[%emt 00:00:22]} 3. Bf4 {[%clk 01:31:46]} {[%emt 00:00:07]} c5 {[%clk
01:30:17]} {[%emt 00:01:09]} 4. e3 {[%clk 01:32:10]} {[%emt 00:00:06]} Nc6
{[%clk 01:29:50]} {[%emt 00:00:58]} 5. Nbd2 {[%clk 01:32:33]} {[%emt 00:00:06]}
cxd4 {[%clk 01:29:57]} {[%emt 00:00:22]} 6. exd4 {[%clk 01:33:01]} {[%emt
00:00:03]} a6 {[%clk 01:30:20]} {[%emt 00:00:07]} 7. c3 {[%clk 01:32:44]}
{[%emt 00:00:47]} Bf5 {[%clk 01:30:35]} {[%emt 00:00:15]} 8. Ne5 {[%clk
01:31:54]} {[%emt 00:01:21]} Nxe5 {[%clk 01:29:28]} {[%emt 00:01:36]} 9. dxe5
{[%clk 01:31:32]} {[%emt 00:00:53]} Nd7 {[%clk 01:29:39]} {[%emt 00:00:18]} 10.
g4 {[%clk 01:30:46]} {[%emt 00:01:16]} Bg6 {[%clk 01:28:19]} {[%emt 00:01:51]}
11. h4 {[%clk 01:30:59]} {[%emt 00:00:16]} h5 {[%clk 01:28:01]} {[%emt
00:00:48]} 12. e6 {[%clk 01:28:54]} {[%emt 00:02:35]} fxe6 {[%clk 01:27:41]}
{[%emt 00:00:50]} 13. gxh5 {[%clk 01:29:02]} {[%emt 00:00:21]} Bxh5 {[%clk
01:23:02]} {[%emt 00:05:09]} 14. Be2 {[%clk 01:29:24]} {[%emt 00:00:08]} Bxe2
{[%clk 01:14:15]} {[%emt 00:09:17]} 15. Qxe2 {[%clk 01:28:20]} {[%emt
00:01:35]} e5 {[%clk 01:10:31]} {[%emt 00:04:13]} 16. Bg3 {[%clk 01:25:14]}
{[%emt 00:03:36]} e6 {[%clk 01:04:59]} {[%emt 00:06:02]} 17. O-O-O {[%clk
01:21:26]} {[%emt 00:04:18]} Qf6 {[%clk 01:03:30]} {[%emt 00:02:00]} 18. c4
{[%clk 00:45:51]} {[%emt 00:36:04]} Qf5 {[%clk 00:57:10]} {[%emt 00:06:50]} 19.
Qf3 {[%clk 00:22:40]} {[%emt 00:23:41]} Qxf3 {[%clk 00:37:59]} {[%emt
00:19:41]} 20. Nxf3 {[%clk 00:23:08]} {[%emt 00:00:02]} Rc8 {[%clk 00:38:18]}
{[%emt 00:00:11]} 21. b3 {[%clk 00:17:02]} {[%emt 00:06:36]} b5 {[%clk
00:37:21]} {[%emt 00:01:28]} 22. Rhe1 {[%clk 00:17:07]} {[%emt 00:00:24]} bxc4
{[%clk 00:36:26]} {[%emt 00:01:25]} 23. Bxe5 {[%clk 00:17:07]} {[%emt
00:00:30]} cxb3+ {[%clk 00:35:04]} {[%emt 00:01:52]} 24. Kb2 {[%clk 00:14:37]}
{[%emt 00:03:00]} Bb4 {[%clk 00:24:44]} {[%emt 00:10:50]} 25. Bxg7 {[%clk
00:09:09]} {[%emt 00:05:58]} Rg8 {[%clk 00:22:20]} {[%emt 00:02:54]} 26. Rxe6+
{[%clk 00:07:21]} {[%emt 00:02:19]} Kf7 {[%clk 00:22:49]} {[%emt 00:00:01]} 27.
Ng5+ {[%clk 00:07:38]} {[%emt 00:00:12]} Kxg7 {[%clk 00:23:13]} {[%emt
00:00:07]} 28. axb3 {[%clk 00:06:44]} {[%emt 00:01:25]} Rgf8 {[%clk 00:18:30]}
{[%emt 00:05:12]} 29. f3 {[%clk 00:06:48]} {[%emt 00:00:26]} d4 {[%clk
00:15:36]} {[%emt 00:03:24]} 30. Rg1 {[%clk 00:05:34]} {[%emt 00:01:44]} Rf6
{[%clk 00:14:42]} {[%emt 00:01:24]} 31. Ne4+ {[%clk 00:04:37]} {[%emt
00:01:27]} Kf7 {[%clk 00:15:11]} {[%emt 00:00:01]} 32. Ng5+ {[%clk 00:04:49]}
{[%emt 00:00:17]} Kg6 {[%clk 00:15:31]} {[%emt 00:00:11]} 33. Re4 {[%clk
00:03:11]} {[%emt 00:02:08]} Kh6 {[%clk 00:14:27]} {[%emt 00:01:34]} 34. Kb1
{[%clk 00:03:07]} {[%emt 00:00:34]} Rc3 {[%clk 00:12:56]} {[%emt 00:02:02]} 35.
Ka2 {[%clk 00:01:29]} {[%emt 00:02:08]} Re3 {[%clk 00:12:30]} {[%emt 00:00:56]}
36. Rd1 {[%clk 00:01:02]} {[%emt 00:00:57]} Bc3 {[%clk 00:11:48]} {[%emt
00:01:13]} 0-1